Một số vấn đề cần biết về gạo xuất khẩu

保存先:
書誌詳細
第一著者: Bùi Chí Bửu
フォーマット: 図書
言語:Undetermined
出版事項: Tp. HCM Nông Nghiệp 2000
主題:
タグ: タグ追加
タグなし, このレコードへの初めてのタグを付けませんか!
Thư viện lưu trữ: Trung tâm Học liệu Trường Đại học Cần Thơ
LEADER 00570nam a2200169Ia 4500
001 CTU_39277
008 210402s9999 xx 000 0 und d
082 |a 338.17 
082 |b B656 
100 |a Bùi Chí Bửu 
245 0 |a Một số vấn đề cần biết về gạo xuất khẩu 
245 0 |c Bùi Chí Bửu, Nguyễn Thị Lang 
260 |a Tp. HCM 
260 |b Nông Nghiệp 
260 |c 2000 
650 |a agriculture - economic aspects,rice - quality,rice trade 
980 |a Trung tâm Học liệu Trường Đại học Cần Thơ